000003857 001__ 3857 000003857 005__ 20260410141725.0 000003857 0247_ $$2DOI$$a10.6083/5425kb035 000003857 037__ $$aIR 000003857 245__ $$aFltsim detailed description and operation 000003857 269__ $$a1988 000003857 336__ $$aArticle 000003857 520__ $$acse-88-021 000003857 540__ $$fCC BY 000003857 542__ $$fIn copyright - single owner 000003857 691__ $$aOregon Graduate Institute 000003857 7001_ $$aMay, Norm 000003857 8564_ $$904f85b62-caf3-4bb4-92f3-2915e865adbd$$s1559631$$uhttps://digitalcollections.ohsu.edu/record/3857/files/csetech-174.pdf$$ePublic$$23b8c1f8f76c62520b7eda9a51d348eb5$$31 000003857 901__ $$a<p>These documents are archival records. They are retained for historical reference only. </p><p><b>Need an accessible version? Use the "Get Accessible Copy" link above.</b></p> 000003857 905__ $$a/rest/prod/54/25/kb/03/5425kb035 000003857 956__ $$aGet Accessible Copy$$uhttps://ohsu.libwizard.com/f/requestaccessibledocument 000003857 980__ $$aScholars Archive